000 00594cam a22002052 4500
001 0000005213
005 20151217161135.0
008 070608s xx 000 0 eng d
020 _a019280460X :
_cKES 1,349
040 _aKABU
_cKABU
050 0 _aTK5105.875
_b.I57I53 2003.
100 1 _aInce, Darrel.
_@0000155044
245 1 2 _aA Dictionary of the internet.
260 _aOxford :
_bOUP,
_c2003.
300 _aviii, 261 p.
650 0 _aInternet
_vDictionaries.
_@0000156373
908 _a070608
950 _@1
999 _c14983
_d14983